[Event "Madrid Vicalvaro op"]
[Site "Madrid"]
[Date "2022.05.22"]
[Round "3"]
[White "Diaz Duarte, Rossner"]
[Black "Benito Ruiz de Villa, Rafael"]
[Result "1-0"]
[WhiteElo "1913"]
[BlackElo "1518"]
[PlyCount "49"]
[EventDate "2022.05.08"]
[EventType "swiss"]
[EventRounds "7"]
[EventCountry "ESP"]
[SourceTitle "EXT 2024"]
[Source "ChessBase"]
[SourceDate "2023.10.10"]
[SourceVersion "1"]
[SourceVersionDate "2023.10.10"]
[SourceQuality "1"]

1. Nf3 Nf6 2. c4 c5 3. b3 g6 4. Bb2 Bg7 5. g3 Nc6 6. Bg2 d6 7. 0-0 0-0 8. Na3 Rb8 9. d4 cxd4 10. Nxd4 Nxd4 11. Qxd4 a6 12. e4 Nh5 13. Qd2 Bxb2 14. Qxb2 Qa5 15. b4 Qe5 16. Qd2 Ng7 17. Nc2 Qh5 18. Ne3 Bh3 19. Nd5 Bxg2 20. Kxg2 Qe5 21. Rae1 Rbd8 22. f4 Qe6 23. f5 Qe5 24. f6 exf6 25. Nxf6+ 1-0

[Event "Managua Hurtado Memorial 19th"]
[Site "Managua"]
[Date "2019.12.29"]
[Round "7"]
[White "Vallecillo, Saul"]
[Black "Diaz Duarte, Rossner"]
[Result "1-0"]
[WhiteElo "1809"]
[BlackElo "1885"]
[PlyCount "79"]
[EventDate "2019.12.26"]
[EventType "swiss"]
[EventRounds "9"]
[EventCountry "NCA"]
[SourceTitle "CBM 195 Extra"]
[Source "ChessBase"]
[SourceDate "2020.05.31"]
[SourceVersion "1"]
[SourceVersionDate "2020.05.31"]
[SourceQuality "1"]

1. e4 d6 2. d4 g6 3. f4 Bg7 4. Nc3 Nf6 5. Nf3 0-0 6. Bd3 c5 7. dxc5 dxc5 8. e5 Nd5 9. Nxd5 Qxd5 10. Qe2 Nc6 11. c3 Bg4 12. Be4 Qd7 13. 0-0 Rad8 14. Be3 b6 15. Rfd1 Qc8 16. h3 Bf5 17. Bf2 Bh6 18. g4 Be6 19. Be3 f6 20. exf6 exf6 21. Rxd8 Rxd8 22. Rd1 Ne7 23. a3 f5 24. Rxd8+ Qxd8 25. gxf5 Nxf5 26. Bxf5 Bxf5 27. Qc4+ Kf8 28. Ne5 Qe7 29. Qd5 Bxh3 30. b4 g5 31. bxc5 bxc5 32. Qa8+ Qe8 33. Qxe8+ Kxe8 34. Bxc5 gxf4 35. Bxa7 Ke7 36. Bd4 Kf6 37. Kf2 Kf5 38. a4 Ke4 39. Nf7 Bf8 40. Ng5+ 1-0